Modern economic theory (Record no. 5928)
[ view plain ]
| 000 -LEADER | |
|---|---|
| fixed length control field | 00444nam a2200181Ia 4500 |
| 008 - FIXED-LENGTH DATA ELEMENTS--GENERAL INFORMATION | |
| fixed length control field | 230711s9999||||xx |||||||||||||| ||und|| |
| 020 ## - INTERNATIONAL STANDARD BOOK NUMBER | |
| International Standard Book Number | 978-81-219-2463-4 |
| 041 ## - LANGUAGE CODE | |
| Language code of text/sound track or separate title | ENG |
| 082 ## - DEWEY DECIMAL CLASSIFICATION NUMBER | |
| Classification number | 658 |
| Item number | DE-M |
| 100 ## - MAIN ENTRY--PERSONAL NAME | |
| Personal name | Dewett,KK |
| 245 #0 - TITLE STATEMENT | |
| Title | Modern economic theory |
| 250 ## - EDITION STATEMENT | |
| Edition statement | 1st . Ed. |
| 260 ## - PUBLICATION, DISTRIBUTION, ETC. | |
| Date of publication, distribution, etc. | 2015 |
| Place of publication, distribution, etc. | New Delhi |
| Name of publisher, distributor, etc. | S.Chand & Company Ltd |
| 300 ## - PHYSICAL DESCRIPTION | |
| Extent | 1000p. |
| 650 ## - SUBJECT ADDED ENTRY--TOPICAL TERM | |
| Topical term or geographic name entry element | UNIVESITY BUSNIESS SCHOOL |
| 700 ## - ADDED ENTRY--PERSONAL NAME | |
| Personal name | Navalur,M.H |
| 942 ## - ADDED ENTRY ELEMENTS (KOHA) | |
| Koha item type | Book |
| Withdrawn status | Lost status | Damaged status | Not for loan | Collection | Home library | Current library | Date acquired | Cost, normal purchase price | Inventory number | Total checkouts | Full call number | Barcode | Date last seen | Price effective from | Koha item type | Date last checked out |
|---|---|---|---|---|---|---|---|---|---|---|---|---|---|---|---|---|
| MRSPTU Central Library | MRSPTU Central Library | 650.00 | 842483 | 658 DE-M | 31984 | 08/17/2023 | 08/17/2023 | Book | ||||||||
| MRSPTU Central Library | MRSPTU Central Library | 650.00 | 842483 | 658 DE-M | 31985 | 08/17/2023 | 08/17/2023 | Book | ||||||||
| MRSPTU Central Library | MRSPTU Central Library | 650.00 | 842483 | 658 DE-M | 31986 | 08/17/2023 | 08/17/2023 | Book | ||||||||
| MRSPTU Central Library | MRSPTU Central Library | 658.15 DE-M | 37811 | 08/17/2023 | 08/17/2023 | Book | ||||||||||
| MRSPTU Central Library | MRSPTU Central Library | 658.15 DE-M | 37812 | 03/13/2024 | 08/17/2023 | Book | ||||||||||
| MRSPTU Central Library | MRSPTU Central Library | 658.15 DE-M | 37813 | 08/17/2023 | 08/17/2023 | Book | ||||||||||
| MRSPTU Central Library | MRSPTU Central Library | 658.15 DE-M | 37814 | 08/17/2023 | 08/17/2023 | Book | ||||||||||
| MRSPTU Central Library | MRSPTU Central Library | 1 | 658.15 DE-M | 37815 | 01/15/2025 | 08/17/2023 | Book | 12/19/2024 | ||||||||
| MRSPTU Central Library | MRSPTU Central Library | 658.15 DE-M | 37816 | 08/17/2023 | 08/17/2023 | Book | ||||||||||
| MRSPTU Central Library | MRSPTU Central Library | 658.15 DE-M | 37817 | 08/17/2023 | 08/17/2023 | Book | ||||||||||
| MRSPTU Central Library | MRSPTU Central Library | 658.15 DE-M | 37818 | 08/17/2023 | 08/17/2023 | Book |
